| 000 | 00512nam a2200157 i 4500 | ||
|---|---|---|---|
| 001 | 113515 | ||
| 003 | ES-MaACL | ||
| 005 | 20230906185925.0 | ||
| 007 | t| | ||
| 008 | 061121s1969 sp r ||||1| spa d | ||
| 245 | 0 | 0 | _aNociones del Código de Circulación basadas en la nueva programación de la Jefatura Central de Tráfico. |
| 260 |
_aCuenca : _b[s.n.], _c1969 ( _fImp. Falange) |
||
| 300 |
_a62 p. ; _c17 cm. |
||
| 650 | 4 |
_aTráfico- _vLegislación- _zEspaña. _9168806 |
|
| 852 |
_aES-MaACL _jC-51258 _bR.72061 |
||
| 999 |
_c113515 _d113515 |
||